000 00581nam a2200205Ia 4500
003 IN-BaIIA
008 211028s9999 xx 000 0 eng d
020 _a306-38308-X
040 _cIIA Library
080 _a047.1:535.33
_bDEV-8
245 0 _aDevelopments in applied spectroscopy
_bvol. 8
_cedited by E. L. Grove
260 _aNew York
_bPlenum Press
_c1970
300 _aix, 325p.
650 _aAbsorption spectroscopy
_91788
650 _aNASA Thesaurus
650 _aOptical spectroscopy
650 _aSpectroscopy
_91535
700 _aGrove, E.L., ed.
_96972
942 _cBK
999 _c3925
_d3925